000 01466nam a2200229Ia 4500
001 15259
003 GE_BSU
008 181216s||||||||xx |||||||||||||| ||und||
040 _cGE_BSU
080 _a821.353.1+821.353.1-391
245 _aჩვენი საუნჯე:ქართული მწერლობა ოც ტომად. ტ.5: სულხან-საბა ორბელიანი, ვახტანგ მეექბსე, მამუკა ბარათაშვილი, დიმიტრი სააკაძე, დავით გურამიშვილი. თეიმურაზ მეორე,საიათნოვა. ბესიკი
245 _cრედ.ალ.ბარამიძე მხატვ.ლ.გრიგოლია
260 _aთბილისი
260 _bნაკადული
260 _c1960
300 _a408გვ.
300 _eლექსიკონი გვ.399-404
653 _aსულხან-საბა ორბელიანი, ვახტანგ მეექბსე, მამუკა ბარათაშვილი, დიმიტრი სააკაძე, დავით გურამიშვილი. თეიმურაზ მეორე,საიათნოვა. ბესიკი
653 _aქართული მწერლობა.
653 _aჩვენი საუნჯე
942 _cBK
999 _c48371
_d48371